| 000 | 01018nam a22002057a 4500 | ||
|---|---|---|---|
| 999 |
_c62364 _d62364 |
||
| 003 | Ge_BSU | ||
| 005 | 20241015164431.0 | ||
| 008 | 241015s1986 ge ||||| |||| 00| 0 geo d | ||
| 041 | _ageo | ||
| 080 | _a633.88 + 616.31 მ-28 | ||
| 100 |
_aმანჯგალაძე, ქ. _923404 |
||
| 245 |
_aსამკურნალო მცენარეების გამოყენება სტომატოლოგიაში / _c ქ. მანჯგალაძე, ქ. სიმონიშვილი, ნ. ვაჩნაძე. |
||
| 264 |
_aთბ. : _bსაბჭ. საქართველო, _c1986. |
||
| 300 |
_a130 გვ. ; _b20 სმ. |
||
| 653 | _aსამკურნალო მცენარეები სტომატოლოგიაში | ||
| 653 | _aმედიცინა | ||
| 700 |
_aსიმონიშვილი, ქ. _eავტორი _923405 |
||
| 700 |
_aვაჩნაძე, ნ. _eავტორი _912849 |
||
| 942 |
_2udc _cᲬᲘᲒᲜᲘ |
||